[Event "Milan Befana op-B"]
[Site "Milan"]
[Date "2014.01.02"]
[Round "1"]
[White "Macri, Vincenzo Roberto"]
[Black "Da Campo, Giuseppe"]
[Result "0-1"]
[WhiteElo "1560"]
[BlackElo "1780"]
[PlyCount "74"]
[EventDate "2014.01.02"]
[EventType "swiss"]
[EventRounds "7"]
[EventCountry "ITA"]
[SourceTitle "EXT 2015"]
[Source "ChessBase"]
[SourceDate "2014.11.20"]
[SourceVersion "1"]
[SourceVersionDate "2014.11.20"]
[SourceQuality "1"]

1. e4 c5 2. Na3 e6 3. c3 Nc6 4. f4 d6 5. Nf3 Qc7 6. Nb5 Qb8 7. d4 cxd4 8. cxd4 a6 9. Nc3 Nf6 10. e5 Nd5 11. Bc4 Nxc3 12. bxc3 b5 13. Bb3 dxe5 14. fxe5 Be7 15. 0-0 Na5 16. Bc2 Qc7 17. Bd2 Bb7 18. a4 Nc4 19. Bg5 Bxg5 20. Nxg5 Ne3 21. Qh5 Nxf1 22. Rxf1 g6 23. Qh6 Qxc3 24. Nxe6 fxe6 25. Bxg6+ Kd7 26. Qg7+ Kc6 27. Be4+ Kb6 28. Qxb7+ Ka5 29. Rb1 Rab8 30. Rxb5+ axb5 31. Qa7+ Kb4 32. Qe7+ Kxa4 33. Qa7+ Kb3 34. Kf2 Rhf8+ 35. Bf3 Ra8 36. Qe7 Qxd4+ 37. Ke2 Ra2+ 0-1

[Event "Milan Crespi op-C 33rd"]
[Site "Milan"]
[Date "2012.12.09"]
[Round "7"]
[White "Macri, Vincenzo Roberto"]
[Black "Resta, Andrea"]
[Result "0-1"]
[WhiteElo "1538"]
[BlackElo "1688"]
[PlyCount "78"]
[EventDate "2012.12.05"]
[EventType "swiss"]
[EventRounds "7"]
[EventCountry "ITA"]
[SourceTitle "EXT 2024"]
[Source "ChessBase"]
[SourceDate "2023.10.10"]
[SourceVersion "1"]
[SourceVersionDate "2023.10.10"]
[SourceQuality "1"]

1. e4 c5 2. Nf3 d6 3. d4 cxd4 4. c3 dxc3 5. Nxc3 Nf6 6. e5 Ng4 7. Bb5+ Nc6 8. exd6 exd6 9. 0-0 Be7 10. h3 Nge5 11. Nxe5 dxe5 12. Qf3 Bd7 13. Rd1 0-0 14. Be3 a6 15. Ba4 Qe8 16. Nd5 Bd8 17. Bc5 Nd4 18. Rxd4 exd4 19. Bxd7 Qxd7 20. Bxf8 Kxf8 21. Qe4 Rc8 22. Rd1 Rc6 23. Rxd4 Rd6 24. Rd3 h6 25. Kf1 Qb5 26. b3 Re6 27. Qb4+ Qxb4 28. Nxb4 Ba5 29. Nc2 b5 30. b4 Rc6 31. Ra3 Bc7 32. Nd4 Rc4 33. Nf5 Rf4 34. Ne3 Rxb4 35. Rxa6 Ra4 36. Rc6 Bf4 37. Nd5 f6 38. Rc8+ Kf7 39. Rb8 Bxb8 0-1

[Event "Milan Crespi op-C 33rd"]
[Site "Milan"]
[Date "2012.12.08"]
[Round "5"]
[White "Macri, Vincenzo Roberto"]
[Black "Poletto, Daniele"]
[Result "1/2-1/2"]
[WhiteElo "1538"]
[BlackElo "1726"]
[PlyCount "105"]
[EventDate "2012.12.05"]
[EventType "swiss"]
[EventRounds "7"]
[EventCountry "ITA"]
[SourceTitle "EXT 2024"]
[Source "ChessBase"]
[SourceDate "2023.10.10"]
[SourceVersion "1"]
[SourceVersionDate "2023.10.10"]
[SourceQuality "1"]

1. e4 c5 2. Nf3 e6 3. d4 cxd4 4. c3 Nf6 5. Bg5 Be7 6. Bd3 h6 7. Bh4 dxc3 8. Nxc3 0-0 9. 0-0 Nxe4 10. Bxe7 Nxc3 11. Bxd8 Nxd1 12. Be7 Nxb2 13. Bxf8 Nxd3 14. Ba3 Nc6 15. Rfd1 Nde5 16. Nxe5 Nxe5 17. Bd6 Nc6 18. a4 b6 19. Bc7 d5 20. a5 Nxa5 21. Rdb1 Ba6 22. Kh1 Bc4 23. Rxb6 Rc8 24. Rb8 Rxb8 25. Bxb8 Nc6 26. Bxa7 Nxa7 27. Rxa7 Kf8 28. f4 f6 29. Kg1 e5 30. f5 Bd3 31. Ra8+ Kf7 32. Ra7+ Kg8 33. Ra8+ Kh7 34. g4 h5 35. Ra3 e4 36. h3 hxg4 37. hxg4 Kh6 38. Kf2 Kg5 39. Kg3 g6 40. fxg6 Kxg6 41. Kf4 Bc2 42. Ra8 d4 43. Rg8+ Kf7 44. Rc8 d3 45. Ke3 Ke7 46. Rc6 Kf7 47. Rc8 Kg7 48. Rc7+ Kg6 49. Rc5 Bb1 50. Rd5 Bc2 51. Rc5 Bb1 52. Rd5 Bc2 53. Rc5 1/2-1/2

[Event "Milan SSM July"]
[Site "Milan"]
[Date "2012.07.01"]
[Round "4"]
[White "Macri, Vincenzo Roberto"]
[Black "Calabrese, Maurizio"]
[Result "0-1"]
[WhiteElo "1629"]
[BlackElo "1550"]
[PlyCount "62"]
[EventDate "2012.06.28"]
[EventType "swiss"]
[EventRounds "5"]
[EventCountry "ITA"]
[SourceTitle "EXT 2024"]
[Source "ChessBase"]
[SourceDate "2023.10.10"]
[SourceVersion "1"]
[SourceVersionDate "2023.10.10"]
[SourceQuality "1"]

1. e4 e5 2. Nf3 Nc6 3. Bb5 a6 4. Ba4 d6 5. c3 Nf6 6. 0-0 Be7 7. d4 b5 8. Bc2 Bg4 9. d5 Nb8 10. Bg5 Nbd7 11. Nbd2 Nxd5 12. exd5 Bxg5 13. h3 Bxd2 14. hxg4 Bg5 15. Nxg5 Qxg5 16. f4 exf4 17. Re1+ Ne5 18. Bf5 0-0 19. Rxe5 dxe5 20. d6 cxd6 21. Qxd6 Qf6 22. Qc7 g6 23. Bd7 Qe7 24. Rd1 Kg7 25. Rd5 f6 26. g5 Rf7 27. gxf6+ Qxf6 28. Qb7 Rd8 29. Qc7 Qe7 30. Qxe5+ Qxe5 31. Rxe5 Rdxd7 0-1

[Event "Milan SSM July"]
[Site "Milan"]
[Date "2012.07.01"]
[Round "5"]
[White "Macri, Vincenzo Roberto"]
[Black "Frignani, Alessandro"]
[Result "0-1"]
[WhiteElo "1629"]
[BlackElo "1326"]
[PlyCount "52"]
[EventDate "2012.06.28"]
[EventType "swiss"]
[EventRounds "5"]
[EventCountry "ITA"]
[SourceTitle "EXT 2024"]
[Source "ChessBase"]
[SourceDate "2023.10.10"]
[SourceVersion "1"]
[SourceVersionDate "2023.10.10"]
[SourceQuality "1"]

1. e4 e5 2. Nf3 Nc6 3. d4 exd4 4. Nxd4 Nxd4 5. Qxd4 c5 6. Qa4 Qb6 7. Nc3 Ne7 8. Bb5 a6 9. Bf4 g6 10. Rd1 Nc6 11. Nd5 Qd8 12. Nc7+ Ke7 13. Bg5+ f6 14. Nd5+ Kf7 15. Bxf6 Be7 16. Bxc6 Bxf6 17. Nxf6 bxc6 18. e5 Qe7 19. Qf4 Kg7 20. 0-0 Rf8 21. Rd6 Ra7 22. Rfd1 Rb7 23. Qh4 Kh8 24. R1d3 Rf7 25. f4 Rxb2 26. Ne4 Qxh4 0-1